|
|
|
|
| LEADER |
00000naa2a2200000 4500 |
| 001 |
216826 |
| 005 |
20240212101917.0 |
| 035 |
|
|
|a (RuTPU)RU\TPU\book\236799
|
| 035 |
|
|
|a RU\TPU\tpu\18523
|
| 090 |
|
|
|a 216826
|
| 100 |
|
|
|a 20120529d2010 k y0rusy50 ca
|
| 101 |
0 |
|
|a rus
|
| 102 |
|
|
|a RU
|
| 200 |
1 |
|
|a Моделирование динамики электромагнитного поля релятивистских электронов при взаимодействии с мишенями
|f К. П. Артёмов [и др.]
|
| 463 |
|
0 |
|0 (RuTPU)RU\TPU\book\229488
|y 978-5-98298-657-3
|t Физико-технические проблемы атомной энергетики и промышленности
|o сборник тезисов докладов V Международной научно-практической конференции, г. Томск, 7-8 июня 2010 г.
|f Национальный исследовательский Томский политехнический университет (ТПУ)
|v С. 191
|d 2010
|p 201 с.
|
| 610 |
1 |
|
|a труды учёных ТПУ
|
| 701 |
|
1 |
|a Артёмов
|b К. П.
|4 070
|
| 701 |
|
1 |
|a Науменко
|b Г. А.
|c физик
|c ведущий научный сотрудник Томского политехнического университета
|f 1947-
|g Геннадий Андреевич
|3 (RuTPU)RU\TPU\pers\26566
|
| 701 |
|
1 |
|a Потылицын
|b А. П.
|c российский физик
|c профессор Томского политехнического университета
|f 1945-
|g Александр Петрович
|3 (RuTPU)RU\TPU\pers\15853
|4 070
|9 5531
|
| 701 |
|
1 |
|a Рыжов
|b В. В.
|4 070
|
| 801 |
|
1 |
|a RU
|b 63413507
|c 20101119
|
| 801 |
|
2 |
|a RU
|b 63413507
|c 20160209
|g RCR
|
| 942 |
|
|
|c BK
|